000 00459nam a2200193Ia 4500
005 20250603145409.0
008 250603s9999 xx 000 0 und d
020 _a978-978-545-32-3-2
050 _aKP 90.A5/
100 _aAlubo,alphonsus Okoh
245 0 _aMordern Nigeria Criminal Law
250 _a5th edition
260 _aPleatue Jos
260 _bMono Expression
260 _c2019
300 _a550 p
650 _aPleatue Jos
942 _cBK
999 _c41741
_d41741